The man in the Rockefeller suit : (Record no. 376)

MARC details
000 -LEADER
fixed length control field 02875cam a2200313 a 4500
005 - DATE AND TIME OF LATEST TRANSACTION
control field 20260322212017.0
008 - FIXED-LENGTH DATA ELEMENTS--GENERAL INFORMATION
fixed length control field data
010 ## - LIBRARY OF CONGRESS CONTROL NUMBER
LC control number 2010048908
020 ## - INTERNATIONAL STANDARD BOOK NUMBER
International Standard Book Number 9780670022748
020 ## - INTERNATIONAL STANDARD BOOK NUMBER
International Standard Book Number 0670022748
040 ## - CATALOGING SOURCE
Original cataloging agency DLC
Transcribing agency DLC
Modifying agency DLC
-- BTCTA
-- UPZ
-- YDXCP
-- OCO
-- RL9
-- ABG
-- BWX
-- BUR
-- VP@
-- JBL
-- CDX
-- MOF
-- DLC
043 ## - GEOGRAPHIC AREA CODE
Geographic area code n-us---
050 00 - LIBRARY OF CONGRESS CALL NUMBER
Classification number HV6760.G47
Item number S43 2011
082 00 - DEWEY DECIMAL CLASSIFICATION NUMBER
Classification number 364.16/33
Edition information 22
092 ## - LOCALLY ASSIGNED DEWEY CALL NUMBER (OCLC)
Classification number 364.16 S43 2011
001 - CONTROL NUMBER
control field data
100 1# - MAIN ENTRY--PERSONAL NAME
Personal name Seal, Mark,
Dates associated with a name 1953-
245 14 - TITLE STATEMENT
Title The man in the Rockefeller suit :
Remainder of title the astonishing rise and spectacular fall of a serial impostor /
Statement of responsibility, etc. Mark Seal.
260 ## - PUBLICATION, DISTRIBUTION, ETC.
Place of publication, distribution, etc. New York :
Name of publisher, distributor, etc. Viking,
Date of publication, distribution, etc. 2011.
300 ## - PHYSICAL DESCRIPTION
Extent viii, 323 p., [16] p. of plates :
Other physical details ill. ;
Dimensions 24 cm.
505 0# - FORMATTED CONTENTS NOTE
Formatted contents note Christian Karl Gerhartsreiter : Bergen, Germany -- Strangers on a train -- Becoming American -- Christopher Chichester : San Marino, California -- The secret mission -- Christopher Crowe : Greenwich, Connecticut -- Wall Street -- Missing persons -- Clark Rockefeller : New York, New York -- Sandra -- "San Marino bones"-- The last will and testament of Didi Sohus -- The country squire -- Snooks -- The god of war -- The Boston Brahmin -- Peach Melba nights -- "Find out who he is" -- Chip Smith : Baltimore, Maryland -- The manhunt -- One last con?
520 ## - SUMMARY, ETC.
Summary, etc. A probing and cinematic exploration of an audacious impostor, Christian Gerhartsreiter, and his "talented Mr. Ripley" story as Clark Rockefeller.
520 ## - SUMMARY, ETC.
Summary, etc. The unbelievable thirty-year run of a shape-shifting con man. Clark Rockefeller's story is a strange twist on the classic American success story of the self-made man--because Clark Rockefeller was totally made up. Born in a small village in Germany, Christian Karl Gerhartsreiter was obsessed with getting to America. At seventeen, he flew into the country on dubious student visa documents. Over the next thirty years, boldly assuming a series of false identities, he moved up the social ladder across the country--culminating in a twelve-year marriage to a Harvard MBA who believed she'd wed a Rockefeller. The imposter charmed his way into exclusive clubs and financial institutions--working on Wall Street, showing off an extraordinary art collection--until his marriage ended and he was arrested for kidnapping his daughter, which exposed his past of astounding deceptions as well as a chilling connection to the bizarre mid-1980s disappearance of a California couple.--From publisher description.
600 10 - SUBJECT ADDED ENTRY--PERSONAL NAME
Personal name Gerhartsreiter, Christian,
Dates associated with a name 1961-
650 #0 - SUBJECT ADDED ENTRY--TOPICAL TERM
Topical term or geographic name entry element Impostors and imposture
Form subdivision Case studies.
Geographic subdivision United States
856 42 - ELECTRONIC LOCATION AND ACCESS
Materials specified Contributor biographical information
Uniform Resource Identifier <a href="http://www.loc.gov/catdir/enhancements/fy1114/2010048908-b.html">http://www.loc.gov/catdir/enhancements/fy1114/2010048908-b.html</a>
856 42 - ELECTRONIC LOCATION AND ACCESS
Materials specified Publisher description
Uniform Resource Identifier <a href="http://www.loc.gov/catdir/enhancements/fy1114/2010048908-d.html">http://www.loc.gov/catdir/enhancements/fy1114/2010048908-d.html</a>
856 41 - ELECTRONIC LOCATION AND ACCESS
Materials specified Sample text
Uniform Resource Identifier <a href="http://www.loc.gov/catdir/enhancements/fy1510/2010048908-s.html">http://www.loc.gov/catdir/enhancements/fy1510/2010048908-s.html</a>
Holdings
Withdrawn status Lost status Damaged status Not for loan Home library Current library Shelving location Date acquired Total checkouts Full call number Barcode Date last seen Price effective from Koha item type
        Centerville Centerville General stacks 22/03/2026   364.16/33 22 BC0010386 22/03/2026 22/03/2026 Books